Logo

Description automatically generated
विद्यार्जन
 संसाधन केंद्र, भारतीय प्रौद्योगिकी संस्थान इन्दौर
Learning Resource Center, Indian Institute of Technology Indore

ऑनलाइन सार्वजनिक अभिगम प्रसूची
Online Public Access Catalogue (OPAC)

Vehicle noise, vibration and sound quality (Record no. 53163)

MARC details
000 -LEADER
fixed length control field 00655nam a22002417a 4500
005 - DATE AND TIME OF LATEST TRANSACTION
control field 20260504170513.0
008 - FIXED-LENGTH DATA ELEMENTS--GENERAL INFORMATION
fixed length control field 260504b |||||||| |||| 00| 0 eng d
020 ## - INTERNATIONAL STANDARD BOOK NUMBER
International Standard Book Number 9780768034844
Qualifying information hb
082 ## - DEWEY DECIMAL CLASSIFICATION NUMBER
Classification number 629.243
Item number SHE
100 ## - MAIN ENTRY--PERSONAL NAME
Personal name Sheng, Gang
245 ## - TITLE STATEMENT
Title Vehicle noise, vibration and sound quality
250 ## - EDITION STATEMENT
Edition statement c.2012
260 ## - PUBLICATION, DISTRIBUTION, ETC.
Place of publication, distribution, etc. Warrendale
Name of publisher, distributor, etc. SAE International
Date of publication, distribution, etc. 2012
300 ## - PHYSICAL DESCRIPTION
Extent xi, 493p. ; 26cm.
653 ## - INDEX TERM--UNCONTROLLED
Uncontrolled term Automobiles--Vibration
653 ## - INDEX TERM--UNCONTROLLED
Uncontrolled term Automobiles--Noise
653 ## - INDEX TERM--UNCONTROLLED
Uncontrolled term Motor vehicles--Vibration
653 ## - INDEX TERM--UNCONTROLLED
Uncontrolled term Motor vehicles--Noise
653 ## - INDEX TERM--UNCONTROLLED
Uncontrolled term Noise control
653 ## - INDEX TERM--UNCONTROLLED
Uncontrolled term ME432
653 ## - INDEX TERM--UNCONTROLLED
Uncontrolled term ME632
942 ## - ADDED ENTRY ELEMENTS (KOHA)
Source of classification or shelving scheme Dewey Decimal Classification
Koha item type Book
Holdings
Withdrawn status Lost status Source of classification or shelving scheme Damaged status Not for loan Home library Current library Shelving location Date acquired Source of acquisition Total Checkouts Full call number Barcode Date last seen Price effective from Koha item type
    Dewey Decimal Classification     LRC, IIT Indore LRC, IIT Indore 2nd Floor - General Stack 29/04/2026 PO_2025-26_PO-116 ,Vendor: Technical Bureau India Pvt. Ltd., New Delhi ; Inv. No.: TB166, dt.20.04.2026 ; Price: USD 125.00   629.243 SHE 38830 04/05/2026 04/05/2026 Book
Copyright © 2024, 2021, 2017 Indian Institute of Technology Indore. All Rights Reserved.
Managed & maintained by Learning Resource Center, IIT Indore